Statistics for US States Tile Select

Click here to take the quiz!

General Stats

  • This quiz has been taken 55 times
    (46 since last reset)
  • The average score is 63 of 79

Answer Stats

QuestionTileSelect% Correct
were part of the 13 Colonies?AlaskaNo
100%
were part of the 13 Colonies?ArizonaNo
100%
were part of the 13 Colonies?TexasNo
100%
were part of the 13 Colonies?UtahNo
100%
were part of the 13 Colonies?CaliforniaNo
98%
were part of the 13 Colonies?ColoradoNo
98%
were part of the 13 Colonies?IdahoNo
98%
were part of the 13 Colonies?MontanaNo
98%
have a coastline on the Atlantic Ocean?AlaskaNo
95%
have a coastline on the Atlantic Ocean?ArizonaNo
95%
is the only state that is an island?GeorgiaNo
95%
border a different country?GeorgiaNo
95%
is the only state that is an island?IdahoNo
95%
is the only state that is an island?IllinoisNo
95%
have a coastline on the Atlantic Ocean?KansasNo
95%
border a different country?NevadaNo
95%
have a coastline on the Atlantic Ocean?New MexicoNo
95%
have less than 1 million people?TexasNo
95%
has the most counties?AlabamaNo
93%
have less than 1 million people?AlabamaNo
93%
have a coastline on the Atlantic Ocean?HawaiiNo
93%
is the only state that is an island?HawaiiYes
93%
have a coastline on the Atlantic Ocean?MaineYes
93%
have a coastline on the Atlantic Ocean?MichiganNo
93%
border a different country?MississippiNo
93%
were part of the 13 Colonies?New HampshireYes
93%
have a coastline on the Atlantic Ocean?New JerseyYes
93%
have a coastline on the Atlantic Ocean?New YorkYes
93%
were part of the 13 Colonies?New YorkYes
93%
were part of the 13 Colonies?South CarolinaYes
93%
have a coastline on the Atlantic Ocean?FloridaYes
90%
have less than 1 million people?New MexicoNo
90%
have a coastline on the Atlantic Ocean?VirginiaYes
90%
were part of the 13 Colonies?GeorgiaYes
88%
has the most counties?IllinoisNo
88%
border a different country?MinnesotaYes
88%
border a different country?New MexicoYes
88%
does the Quizmaster live in?AlaskaNo
85%
does the Quizmaster live in?DelawareNo
85%
does the Quizmaster live in?IowaNo
85%
does the Quizmaster live in?KansasNo
85%
does the Quizmaster live in?KentuckyNo
85%
does the Quizmaster live in?MaineNo
85%
does the Quizmaster live in?MissouriNo
85%
does the Quizmaster live in?North DakotaNo
85%
border a different country?TexasYes
85%
have less than 1 million people?WyomingYes
85%
does the Quizmaster live in?ColoradoNo
83%
does the Quizmaster live in?MaineNo
83%
does the Quizmaster live in?South CarolinaNo
83%
does the Quizmaster live in?AlabamaNo
80%
does the Quizmaster live in?ConnecticutNo
80%
does the Quizmaster live in?IllinoisNo
80%
does the Quizmaster live in?MassachusettsNo
80%
does the Quizmaster live in?TexasNo
80%
does the Quizmaster live in?VirginiaNo
80%
does the Quizmaster live in?IndianaNo
78%
has the most counties?TexasYes
78%
border a different country?VermontYes
78%
has the most counties?FloridaNo
76%
border a different country?New YorkYes
76%
has the most counties?New YorkNo
76%
have less than 1 million people?North DakotaYes
76%
have less than 1 million people?NebraskaNo
73%
have a coastline on the Atlantic Ocean?New HampshireYes
71%
have less than 1 million people?South DakotaYes
71%
does the Quizmaster live in?New JerseyNo
68%
have less than 1 million people?MaineNo
54%
have no income tax?AlaskaYes
44%
has the most counties?CaliforniaNo
41%
have no income tax?FloridaYes
39%
have no income tax?New HampshireYes
37%
have no income tax?TexasYes
34%
have less than 1 million people?DelawareNo
29%
have no income tax?NevadaYes
27%
does the Quizmaster live in?WashingtonYes
27%
have no income tax?South DakotaYes
20%
have no income tax?WashingtonYes
17%
have no income tax?TennesseeYes
10%

Score Distribution

Percentile by Number Answered

Percent of People with Each Score

Your Score History

You have not taken this quiz since the last reset